Erfolgreichste Länder in Handball-WMs A-Z - Statistiken

Allgemein
  • Dieses Quiz wurde 198 mal gespielt
  • Das Durchschnittsergebnis liegt bei 12 aus 19
Antwortstatistiken
# Ergebnis Land % Korrekt
D Gold (3x) Dänemark | Deutschland
100%
F Gold (6x) Frankreich
98%
S Gold (4x) Schweden
88%
N Silber (2x) Norwegen
83%
B 9. Platz (1x) Belarus | Brasilien
73%
C 16. Platz (1x) Chile
70%
K Gold (1x) Kroatien
69%
P Silber (1x) Polen
69%
O Silber (1x) Österreich
67%
I 5. Platz (1x) Island
63%
R Gold (4x) Rumänien
63%
U Silber (1x) Ungarn
61%
G 6. Platz (1x) Griechenland
60%
J Gold (1x) Jugoslawien
52%
V 15. Platz (1x) Vereinigte Staaten
51%
L 10. Platz (1x) Litauen
44%
A 4. Platz (1x) Ägypten
43%
T Gold (1x) Tschechoslowakei
32%
M 17. Platz (1x) Marokko
28%
Keine übereinstimmenden Quizze gefunden
Verteilung der Resultate
Anzahl Personen mit jedem Resultat
Perzentil nach korrekt beantworteten Fragen
Ihre Resultats-Entwicklung
Sie haben dieses Quiz noch nicht gespielt